00553 2200205 4500001002100000005001700021008004100038020001800079035002400097040001200121082000800133090001300141245007200154260002800226300002400254650002000278700002200298850001200320990001500332YOGYA-0209000006154620090227035934.0 ind  a979-403-110-0 0010-020900000061546 aYOPDYOG a811 a811bTon aTONGGAKbAntologi puisi Indonesia modernceditor : Linus suryadi AG aJakartabGramediac1987 axix, 404 hlmc21 cm aPuisi Indonesia aSuryadi Ag, Linus aYOPDYOG a93P0046084